Autobiography of Mrs. S. Muthulakshmi Reddy. (Record no. 69930)

MARC details
000 -LEADER
fixed length control field 00599cam a22002171 4500
001 - CONTROL NUMBER
control field sa 66005397
003 - CONTROL NUMBER IDENTIFIER
control field DLC
005 - DATE AND TIME OF LATEST TRANSACTION
control field 20260227112249.0
008 - FIXED-LENGTH DATA ELEMENTS--GENERAL INFORMATION
fixed length control field 861126s1964 ii c 000 0aeng
010 ## - LIBRARY OF CONGRESS CONTROL NUMBER
LC control number sa 66005397
025 ## - OVERSEAS ACQUISITION NUMBER
Overseas acquisition number PL480:I-E-5963
035 ## - SYSTEM CONTROL NUMBER
System control number (OCoLC)14877386
040 ## - CATALOGING SOURCE
Original cataloging agency DLC
Transcribing agency WaU
Modifying agency DLC
042 ## - AUTHENTICATION CODE
Authentication code premarc
050 00 - LIBRARY OF CONGRESS CALL NUMBER
Classification number HQ1742
Item number .M8
100 1# - MAIN ENTRY--PERSONAL NAME
Personal name Muthulakshmi Reddi, S.,
Dates associated with a name 1886-1968.
245 10 - TITLE STATEMENT
Title Autobiography of Mrs. S. Muthulakshmi Reddy.
260 ## - PUBLICATION, DISTRIBUTION, ETC.
Place of publication, distribution, etc. [Madras,
Date of publication, distribution, etc. pref. 1964]
300 ## - PHYSICAL DESCRIPTION
Extent xii, 175 p.
Other physical details ports.
Dimensions 21 cm.
600 10 - SUBJECT ADDED ENTRY--PERSONAL NAME
Personal name Muthulakshmi Reddi, S.,
Dates associated with a name 1886-1968.

No items available.

Powered by Koha